000 00758nam a2200205Ia 4500
999 _c40262
_d40262
001 6870
003 GE_BSU
005 20200129171829.0
008 181216s1958||||ge |||||||||||||| ||geo||
040 _cGE_BSU
041 _ageo
080 _a821.353.1-144 გ-66
100 _aგომიაშვილი, ალექსანდრე.
_96494
245 _aბალადები /
_cალექსანდრე ომიაშვილი ; რედ. ვ. ბეწუკელი.
264 _aთბილისი :
_bსაბლიტგამი,
_c1958.
300 _a118 გვ. ;
_e20 სმ.
653 _aბალადები
700 _aბეწუკელი, ვ.
_eრედაქტორი
_95784
942 _cBK
_2udc